|
|
|
|
| LEADER |
03269nam a22004573i 4500 |
| 001 |
EBC6422834 |
| 003 |
MiAaPQ |
| 005 |
20231204023215.0 |
| 006 |
m o d | |
| 007 |
cr cnu|||||||| |
| 008 |
231204s2016 xx o ||||0 eng d |
| 020 |
|
|
|a 9783319316253
|q (electronic bk.)
|
| 020 |
|
|
|z 9783319316246
|
| 035 |
|
|
|a (MiAaPQ)EBC6422834
|
| 035 |
|
|
|a (Au-PeEL)EBL6422834
|
| 035 |
|
|
|a (OCoLC)1229828895
|
| 040 |
|
|
|a MiAaPQ
|b eng
|e rda
|e pn
|c MiAaPQ
|d MiAaPQ
|
| 050 |
|
4 |
|a QA10.92-20
|
| 082 |
0 |
|
|a 519.2071
|
| 100 |
1 |
|
|a Batanero, Carmen.
|
| 245 |
1 |
0 |
|a Research on Teaching and Learning Probability.
|
| 250 |
|
|
|a 1st ed.
|
| 264 |
|
1 |
|a Cham :
|b Springer International Publishing AG,
|c 2016.
|
| 264 |
|
4 |
|c ©2016.
|
| 300 |
|
|
|a 1 online resource (40 pages)
|
| 336 |
|
|
|a text
|b txt
|2 rdacontent
|
| 337 |
|
|
|a computer
|b c
|2 rdamedia
|
| 338 |
|
|
|a online resource
|b cr
|2 rdacarrier
|
| 490 |
1 |
|
|a ICME-13 Topical Surveys Series
|
| 505 |
0 |
|
|a Intro -- Main Topics You Can Find in This "ICME-13 Topical Survey" -- Contents -- Research on Teaching and Learning Probability -- 1 Introduction -- 2 Survey on the State of the Art -- 2.1 The Nature of Chance and Probability -- 2.1.1 Intuitive View of Probability -- 2.1.2 Classical Meaning -- 2.1.3 Frequentist Meaning -- 2.1.4 Propensity Meaning -- 2.1.5 Logical Meaning -- 2.1.6 Subjective Meaning -- 2.1.7 Axiomatic Theory -- 2.1.8 Summary of Different Views -- 2.1.9 Different Views of Probability in School Curricula -- 2.2 Probabilistic Knowledge and Reasoning -- 2.2.1 What Is Probabilistic Reasoning? -- 2.2.2 Paradoxes and Counterintuitive Results -- 2.2.3 Causality and Conditioning -- 2.2.4 Random and Causal Variation -- 2.2.5 Probabilistic Versus Statistical Reasoning -- 2.3 Probability in School Curricula -- 2.3.1 Probability in Primary School -- 2.3.2 Probability at the Middle and High School Levels -- 2.3.3 Fundamental Probabilistic Ideas -- 2.4 Intuitions and Learning Difficulties -- 2.4.1 Piagetian and Post-piagetian Periods -- 2.4.2 Heuristics and Biases Program -- 2.4.3 Contemporary Research -- 2.5 Technology and Educational Resources -- 2.5.1 Replicating Trials and Storing Data -- 2.5.2 Representing and Analysing Data -- 2.5.3 Probability Technological Models -- 2.5.4 Hiding a Model -- 2.6 Education of Teachers -- 2.6.1 Components in Teacher Knowledge -- 2.6.2 Effective Ways to Train Teachers -- 3 Summary and Looking Ahead -- Reference.
|
| 588 |
|
|
|a Description based on publisher supplied metadata and other sources.
|
| 590 |
|
|
|a Electronic reproduction. Ann Arbor, Michigan : ProQuest Ebook Central, 2023. Available via World Wide Web. Access may be limited to ProQuest Ebook Central affiliated libraries.
|
| 655 |
|
4 |
|a Electronic books.
|
| 700 |
1 |
|
|a Chernoff, Egan J.
|
| 700 |
1 |
|
|a Engel, Joachim.
|
| 700 |
1 |
|
|a Lee, Hollylynne S.
|
| 700 |
1 |
|
|a Sánchez, Ernesto.
|
| 776 |
0 |
8 |
|i Print version:
|a Batanero, Carmen
|t Research on Teaching and Learning Probability
|d Cham : Springer International Publishing AG,c2016
|z 9783319316246
|
| 797 |
2 |
|
|a ProQuest (Firm)
|
| 830 |
|
0 |
|a ICME-13 Topical Surveys Series
|
| 856 |
4 |
0 |
|u https://ebookcentral.proquest.com/lib/matrademy/detail.action?docID=6422834
|z Click to View
|